| 000 | 00384nam a22001577a 4500 | ||
|---|---|---|---|
| 020 | _a- | ||
| 082 | _a621.3822 MCC | ||
| 100 | _aMcClellan, James H. | ||
| 245 | _aSignal Processing First | ||
| 260 |
_a- _b- _c- |
||
| 300 | _axxi, 489 p. | ||
| 500 | _aIncludes index. | ||
| 650 | _a1. Signal processing--Mathematics | ||
| 700 | _aSchaffer, Ronald W. and Yoder, Mark A. | ||
| 942 | _cBK | ||
| 999 |
_c13377 _d13377 |
||